[Event "Legends of Chess Prelim"]
[Site "chess24.com INT"]
[Date "2020.07.25"]
[Round "5.2"]
[White "Svidler, P"]
[Black "Nepomniachtchi, I"]
[Result "1/2-1/2"]
[WhiteElo "2723"]
[BlackElo "2784"]
[EventDate "2020.07.21"]
[WhiteTitle "GM"]
[BlackTitle "GM"]
[WhiteFideId "4102142"]
[BlackFideId "4168119"]

1.Nf3 Nf6 2.c4 c5 3.Nc3 Nc6 4.d4 cxd4 5.Nxd4 e6 6.a3 Be7 7.e4 O-O 8.Nf3 
Qa5 9.Bd2 Qh5 10.Be2 d5 11.exd5 exd5 12.cxd5 Nxd5 13.O-O Nxc3 14.Bxc3 Qg6 
15.Bd3 Bf5 16.Bxf5 Qxf5 17.Qb3 b6 18.Rad1 Rad8 19.Qa4 Rxd1 20.Rxd1 Rc8 21.
h3 h6 22.Qg4 Qxg4 23.hxg4 Rd8 24.Rxd8+ Bxd8 25.Nd4 Nxd4 26.Bxd4 f6 27.f3 
Kf7 28.Kf2 Ke6 29.Ke3 Kd5 30.Kd3 a6 31.a4 b5 32.axb5 axb5 33.b3 Be7 34.Be3
Bf8 35.Bd2 Be7 36.Be3 Bf8 37.Bd2 Be7 38.Be3 1/2-1/2

[Event "Legends of Chess Prelim"]
[Site "chess24.com INT"]
[Date "2020.07.25"]
[Round "5.2"]
[White "Gelfand, B"]
[Black "Giri, A"]
[Result "1/2-1/2"]
[WhiteElo "2676"]
[BlackElo "2764"]
[EventDate "2020.07.21"]
[WhiteTitle "GM"]
[BlackTitle "GM"]
[WhiteFideId "2805677"]
[BlackFideId "24116068"]

1.Nf3 d5 2.g3 g6 3.Bg2 Bg7 4.O-O e5 5.d3 Nc6 6.e4 dxe4 7.dxe4 Qxd1 8.Rxd1 
Bg4 9.c3 Nf6 10.Nbd2 O-O-O 11.h3 Bd7 12.Re1 Ne8 13.Nc4 Be6 14.Bf1 f6 15.
Be3 Nd6 16.Nxd6+ Rxd6 17.b4 Kb8 18.Nd2 Nd8 19.Nb3 Nf7 20.Nc5 Bc8 21.h4 Bh6
22.f4 Rdd8 23.a4 Rhe8 24.a5 Nd6 25.Rad1 b6 26.axb6 cxb6 27.Na6+ Bxa6 28.
Bxa6 Nxe4 29.Rxd8+ Rxd8 30.Bxb6 axb6 31.Rxe4 Re8 32.Bb5 Re7 33.fxe5 Rxe5 
34.Rxe5 fxe5 35.Bc4 Bd2 36.Bg8 h6 37.c4 Bxb4 38.Bh7 g5 39.hxg5 hxg5 40.Kf2
Kc7 41.Kf3 Kd6 42.Ke4 Be1 43.g4 Bd2 44.Bg8 Bf4 45.Bf7 Kc5 46.Bg8 Kd6 
1/2-1/2

[Event "Legends of Chess Prelim"]
[Site "chess24.com INT"]
[Date "2020.07.24"]
[Round "4.1"]
[White "Carlsen, M"]
[Black "Gelfand, B"]
[Result "1-0"]
[WhiteElo "2863"]
[BlackElo "2676"]
[EventDate "2020.07.21"]
[WhiteTitle "GM"]
[BlackTitle "GM"]
[WhiteFideId "1503014"]
[BlackFideId "2805677"]

1.e4 c5 2.Nf3 Nc6 3.d4 cxd4 4.Nxd4 Nf6 5.Nc3 e5 6.Ndb5 d6 7.Nd5 Nxd5 8.
exd5 Ne7 9.c4 Ng6 10.Qa4 Bd7 11.Qb4 Qb8 12.h4 h5 13.Be3 b6 14.Be2 Be7 15.
g3 a6 16.Nc3 b5 17.cxb5 axb5 18.O-O O-O 19.Bxh5 Bd8 20.Ne4 Bf5 21.Nxd6 Be7
22.Bc5 Bh3 23.Bxg6 fxg6 24.Ne4 Bxc5 25.Qxc5 Bxf1 26.Rxf1 Qc8 27.Qxb5 Qg4 
28.Qc4 Rf4 29.d6+ Kh8 30.Qd5 Raf8 31.d7 Rxe4 32.d8=Q Rxd8 33.Qxd8+ Kh7 34.
Qd1 Qf5 35.Qd3 Qg4 36.h5 Kh6 37.Qd2+ g5 38.Qd6+ Kxh5 39.Kg2 Qf5 40.Rh1+ 
Rh4 41.Qd1+ 1-0

[Event "Legends of Chess Prelim"]
[Site "chess24.com INT"]
[Date "2020.07.21"]
[Round "1.3"]
[White "Kramnik, V"]
[Black "Nepomniachtchi, I"]
[Result "0-1"]
[WhiteElo "2753"]
[BlackElo "2784"]
[EventDate "2020.07.21"]
[WhiteTitle "GM"]
[BlackTitle "GM"]
[WhiteFideId "4101588"]
[BlackFideId "4168119"]

1.Nf3 c5 2.b3 d6 3.c4 g6 4.Bb2 e5 5.g3 Bg7 6.Bg2 Ne7 7.O-O O-O 8.Nc3 Nbc6 
9.d3 h6 10.Nd2 f5 11.a3 a5 12.e3 g5 13.Nd5 Nxd5 14.cxd5 Ne7 15.f4 exf4 16.
Bxg7 Kxg7 17.gxf4 Ng6 18.Kh1 b6 19.b4 Ra7 20.bxa5 bxa5 21.d4 Ba6 22.Rg1 c4
23.fxg5 hxg5 24.Bf1 c3 25.Bxa6 Rxa6 26.Nf1 Rb6 27.Ng3 Qa8 28.e4 fxe4 29.
Nf1 Rf3 30.Rxg5 Rb2 31.Ne3 Qf8 32.Qa4 Rxh2+ 33.Kg1 Rg3+ 34.Kxh2 Qf2+ 35.
Kh1 Rh3# 0-1

[Event "Legends of Chess Prelim"]
[Site "chess24.com INT"]
[Date "2020.07.22"]
[Round "2.4"]
[White "Anand, V"]
[Black "Carlsen, M"]
[Result "0-1"]
[WhiteElo "2753"]
[BlackElo "2863"]
[EventDate "2020.07.21"]
[WhiteTitle "GM"]
[BlackTitle "GM"]
[WhiteFideId "5000017"]
[BlackFideId "1503014"]

1.e4 e5 2.Nf3 Nc6 3.Bb5 Nf6 4.d3 Bc5 5.Bxc6 dxc6 6.Nbd2 Bg4 7.h3 Bh5 8.Nc4
Nd7 9.Be3 f6 10.Qe2 Qe7 11.O-O-O O-O-O 12.Kb1 Kb8 13.Ncd2 Bb6 14.Nc4 Bc5 
15.g4 Bf7 16.Nfd2 Nf8 17.f4 Bxe3 18.Qxe3 Ng6 19.fxe5 fxe5 20.Rdf1 Be6 21.
Qg3 Rhf8 22.Ne3 Qc5 23.Rxf8 Rxf8 24.Nf5 Bxa2+ 25.Kxa2 Qa5+ 26.Kb1 Qxd2 27.
h4 Rf7 28.h5 Nf4 29.g5 a5 30.Ne3 Qb4 31.Nc4 a4 32.g6 hxg6 33.hxg6 Rf6 34.
Rh8+ Ka7 35.Qg4 Nxg6 36.Re8 Qe1+ 37.Ka2 Rf1 38.Ka3 c5 0-1

[Event "Legends of Chess Prelim"]
[Site "chess24.com INT"]
[Date "2020.07.28"]
[Round "8.2"]
[White "Ivanchuk, V"]
[Black "Giri, A"]
[Result "0-1"]
[WhiteElo "2678"]
[BlackElo "2764"]
[EventDate "2020.07.21"]
[WhiteTitle "GM"]
[BlackTitle "GM"]
[WhiteFideId "14100010"]
[BlackFideId "24116068"]

1.e4 e5 2.Nf3 Nc6 3.Bb5 Nf6 4.d3 Bc5 5.Nbd2 Nd4 6.Ba4 O-O 7.c3 Nxf3+ 8.
Nxf3 d5 9.Qe2 dxe4 10.dxe4 Qe7 11.O-O Rd8 12.Bb3 Bg4 13.Be3 Nxe4 14.Bxc5 
Nxc5 15.Qxe5 Re8 16.Rfe1 Qxe5 17.Nxe5 Be6 18.Bxe6 Rxe6 19.Nc4 Rd8 20.Red1 
Rde8 21.Kf1 g6 22.Rd2 Kg7 23.Rad1 h5 24.Ne3 Ne4 25.Rd3 Rb6 26.Nc4 Rc6 27.
Ne3 Ra6 28.a3 Rf6 29.f3 Nc5 30.Rd5 Na4 31.Nc4 Rc6 32.R1d4 Rce6 33.Rd2 a6 
34.Kf2 R8e7 35.h4 b6 36.g3 Nc5 37.Rd8 Nb3 38.Rc2 b5 39.Nd2 Re2+ 40.Kf1 
Re1+ 41.Kg2 R7e2+ 42.Kh3 Rh1# 0-1

[Event "Legends of Chess Prelim"]
[Site "chess24.com INT"]
[Date "2020.07.27"]
[Round "7.2"]
[White "Nepomniachtchi, I"]
[Black "Leko, P"]
[Result "1/2-1/2"]
[WhiteElo "2784"]
[BlackElo "2663"]
[EventDate "2020.07.21"]
[WhiteTitle "GM"]
[BlackTitle "GM"]
[WhiteFideId "4168119"]
[BlackFideId "703303"]

1.d4 Nf6 2.c4 e6 3.Nc3 Bb4 4.Nf3 O-O 5.Bg5 c5 6.Rc1 cxd4 7.Nxd4 h6 8.Bh4 
d5 9.cxd5 g5 10.Bg3 Qxd5 11.e3 Qxa2 12.Qc2 Bxc3+ 13.Qxc3 Ne4 14.Qc2 Qa5+ 
15.Ke2 Nxg3+ 16.hxg3 Kg7 17.f4 Nc6 18.Nxc6 bxc6 19.Kf2 Rd8 20.Rd1 Rxd1 21.
Qxd1 Qf5 22.Qd6 Qd5 23.Qa3 a5 24.Qc3+ e5 25.Bc4 Qd6 26.fxe5 Qb4 27.Qd4 Be6
28.Bxe6 Qxd4 29.exd4 fxe6 30.Rc1 Ra6 31.g4 Rb6 32.b3 Rxb3 33.Rxc6 Rd3 34.
Rxe6 Rxd4 35.Re7+ Kg6 36.Re6+ Kg7 37.Re7+ Kg6 38.Re6+ Kg7 1/2-1/2

[Event "Legends of Chess Prelim"]
[Site "chess24.com INT"]
[Date "2020.07.21"]
[Round "1.1"]
[White "Giri, A"]
[Black "Carlsen, M"]
[Result "1/2-1/2"]
[WhiteElo "2764"]
[BlackElo "2863"]
[EventDate "2020.07.21"]
[WhiteTitle "GM"]
[BlackTitle "GM"]
[WhiteFideId "24116068"]
[BlackFideId "1503014"]

1.d4 Nf6 2.c4 e6 3.Nf3 d5 4.Nc3 c6 5.Bg5 Be7 6.e3 Nbd7 7.Bd3 h6 8.Bh4 dxc4
9.Bxc4 b5 10.Bd3 O-O 11.O-O Bb7 12.Rc1 Rc8 13.Qe2 b4 14.Bxf6 Nxf6 15.Ne4 
c5 16.Nxf6+ Bxf6 17.dxc5 Qa5 18.Nd4 Bd5 19.Bb5 a6 20.Bxa6 Rxc5 21.Nb3 Bxb3
22.Rxc5 Qxc5 23.axb3 Rd8 24.Rd1 Rxd1+ 25.Qxd1 Bxb2 26.g3 g6 27.Bc4 Bf6 28.
Qf3 Kg7 29.h4 h5 30.Kg2 Qc7 31.Qe4 Qe5 32.Qxe5 Bxe5 33.Bd3 Bc3 34.Bc4 Bb2 
35.Bd3 Bc3 36.Bc4 Bb2 37.Bd3 Bc3 1/2-1/2

[Event "Legends of Chess Prelim"]
[Site "chess24.com INT"]
[Date "2020.07.27"]
[Round "7.1"]
[White "Svidler, P"]
[Black "Carlsen, M"]
[Result "1/2-1/2"]
[WhiteElo "2723"]
[BlackElo "2863"]
[EventDate "2020.07.21"]
[WhiteTitle "GM"]
[BlackTitle "GM"]
[WhiteFideId "4102142"]
[BlackFideId "1503014"]

1.c4 e5 2.g3 Nf6 3.Bg2 d5 4.cxd5 Nxd5 5.Nc3 Nf6 6.Qb3 Nc6 7.Bxc6+ bxc6 8.
Nf3 Bd6 9.d4 exd4 10.Nxd4 O-O 11.Qc4 Qd7 12.Bg5 Nd5 13.Ne4 Nb6 14.Qd3 Bb4+
15.Bd2 Ba6 16.Qxa6 Qxd4 17.Qd3 Qxb2 18.Qb1 Bxd2+ 19.Nxd2 Qe5 20.Nf3 Qc3+ 
21.Kf1 Rfe8 22.e3 Qf6 23.Kg2 c5 24.Qc2 c4 25.Rhd1 Rad8 26.Rac1 Qc6 27.Rxd8
Rxd8 28.e4 Qe6 29.Rd1 Rd6 30.a4 Rxd1 31.Qxd1 Qd6 32.Qxd6 cxd6 33.a5 Na4 
34.Nd4 Nc5 35.Kf3 a6 36.Ke3 Kf8 37.Nc6 c3 38.Nb4 Ke8 39.Kd4 Kd7 40.f3 c2 
41.Nxc2 Nb3+ 42.Kd5 Nxa5 43.Nb4 Nb3 44.Nxa6 Nd2 45.f4 Nf1 46.Nb8+ Kc7 47.
Na6+ Kd7 48.Nb8+ Ke8 49.Kxd6 Nxh2 50.Nc6 h5 51.Nd4 Nf1 52.Ne2 g6 53.e5 Ne3
54.Nd4 Nf1 55.Ne2 Ne3 56.Nd4 Nf1 57.Ne2 1/2-1/2

[Event "Legends of Chess Prelim"]
[Site "chess24.com INT"]
[Date "2020.07.27"]
[Round "7.1"]
[White "Ding Liren"]
[Black "Giri, A"]
[Result "0-1"]
[WhiteElo "2791"]
[BlackElo "2764"]
[EventDate "2020.07.21"]
[WhiteTitle "GM"]
[BlackTitle "GM"]
[WhiteFideId "8603677"]
[BlackFideId "24116068"]

1.d4 Nf6 2.c4 e6 3.g3 d5 4.Bg2 Be7 5.Nf3 O-O 6.Qd3 b6 7.cxd5 Nxd5 8.O-O 
Ba6 9.Qc2 Nd7 10.Nc3 c5 11.Nxd5 exd5 12.Re1 Re8 13.Bf4 Bf6 14.e3 Bb7 15.h4
h6 16.h5 Nf8 17.dxc5 Rc8 18.Qa4 bxc5 19.Qxa7 Re7 20.Qa3 Ne6 21.Be5 Bxe5 
22.Nxe5 d4 23.e4 Ng5 0-1

[Event "Legends of Chess Prelim"]
[Site "chess24.com INT"]
[Date "2020.07.24"]
[Round "4.2"]
[White "Leko, P"]
[Black "Kramnik, V"]
[Result "1/2-1/2"]
[WhiteElo "2663"]
[BlackElo "2753"]
[EventDate "2020.07.21"]
[WhiteTitle "GM"]
[BlackTitle "GM"]
[WhiteFideId "703303"]
[BlackFideId "4101588"]

1.d4 Nf6 2.c4 e6 3.Nf3 d5 4.Nc3 Nbd7 5.cxd5 exd5 6.Bg5 c6 7.Qc2 h6 8.Bh4 
Be7 9.e3 O-O 10.Bd3 Re8 11.O-O Ne4 12.Bxe4 Bxh4 13.Bh7+ Kh8 14.Nxh4 Qxh4 
15.Bd3 Qe7 16.a3 Nb6 17.b4 Be6 18.Ne2 Nc4 19.Bxc4 dxc4 20.Nc3 Rad8 21.Rfe1
Qg5 22.f3 f5 23.Rad1 Qf6 24.Qf2 Qf8 25.e4 a5 26.Qb2 fxe4 27.fxe4 Bg4 28.
Rd2 axb4 29.axb4 Qf4 30.Rf2 Qg5 31.Qd2 Qxd2 32.Rxd2 Ra8 33.h3 Bh5 34.e5 
Bg6 35.d5 Ra3 36.d6 Rxc3 37.e6 Rd3 38.Rxd3 cxd3 39.e7 Bf5 40.g4 Bd7 41.Kf2
Kg8 42.Ke3 Kf7 43.Kxd3 Kf6 44.Kd4 b6 45.Re2 Ra8 46.Re1 g5 47.Re2 Be8 48.
Kc4 Ra4 49.Kb3 Ra7 50.Re3 b5 51.Re1 Kg7 52.Kc3 Rd7 53.Re6 Bf7 54.Kd4 Be8 
55.Kc5 Ra7 56.Kb6 Rd7 57.Kc5 Ra7 58.Kb6 Rd7 59.Kc5 1/2-1/2

[Event "Legends of Chess Prelim"]
[Site "chess24.com INT"]
[Date "2020.07.28"]
[Round "8.2"]
[White "Svidler, P"]
[Black "Kramnik, V"]
[Result "1/2-1/2"]
[WhiteElo "2723"]
[BlackElo "2753"]
[EventDate "2020.07.21"]
[WhiteTitle "GM"]
[BlackTitle "GM"]
[WhiteFideId "4102142"]
[BlackFideId "4101588"]

1.Nf3 d5 2.g3 g6 3.Bg2 Bg7 4.d4 Nf6 5.O-O O-O 6.c4 dxc4 7.Na3 c5 8.dxc5 c3
9.Nb5 Na6 10.Nxc3 Nxc5 11.Be3 Nfe4 12.Nxe4 Nxe4 13.Bd4 Bf5 14.Bxg7 Qxd1 
15.Rfxd1 Kxg7 16.Nd4 Nd6 17.Nxf5+ gxf5 18.Rac1 Rfc8 19.e3 Kf6 20.Kf1 a5 
21.Ke2 a4 22.a3 Rxc1 23.Rxc1 Ra5 24.Rc2 Rb5 25.Kd2 Ne4+ 26.Kc1 Nc5 27.Bf1 
Ra5 28.Kd1 Ne4 29.Ke1 Nd6 30.Rc7 Rd5 31.Bc4 Re5 32.Bd3 h6 33.Ke2 Rd5 34.
Bc4 Ra5 35.Bd3 Ra8 36.Rc5 Rd8 37.Rd5 Rc8 38.Rd4 b5 39.Rh4 Kg7 40.g4 fxg4 
41.Rxg4+ Kf6 42.Rf4+ Kg7 43.Rg4+ Kf6 44.Rf4+ Kg7 45.Rg4+ 1/2-1/2

[Event "Legends of Chess Prelim"]
[Site "chess24.com INT"]
[Date "2020.07.27"]
[Round "7.3"]
[White "Ding Liren"]
[Black "Giri, A"]
[Result "0-1"]
[WhiteElo "2791"]
[BlackElo "2764"]
[EventDate "2020.07.21"]
[WhiteTitle "GM"]
[BlackTitle "GM"]
[WhiteFideId "8603677"]
[BlackFideId "24116068"]

1.d4 Nf6 2.c4 e6 3.Nc3 Bb4 4.e3 O-O 5.Bd3 d5 6.cxd5 exd5 7.Ne2 Re8 8.Bd2 
b6 9.Rc1 Bd6 10.Nb5 c5 11.Nxd6 Qxd6 12.dxc5 bxc5 13.Bc3 Nbd7 14.O-O Ne5 
15.Bb5 Bd7 16.Bxd7 Nexd7 17.Ng3 Ne4 18.Nxe4 Rxe4 19.Rc2 Rd8 20.Rd2 Nf8 21.
Qf3 Qe6 22.h3 Ng6 23.Rfd1 h6 24.Qg3 Rd7 25.b3 Kh7 26.Bb2 f5 27.Kh2 f4 28.
exf4 Rxf4 29.Qe3 Qc6 30.Qd3 d4 31.Rc1 Qd6 32.Kg1 Rdf7 33.Ba3 R4f5 34.Rdc2 
Nf4 35.Qe4 Qg6 36.Kh1 Rg5 37.Qxg6+ Rxg6 38.f3 d3 39.Rf2 Re7 40.Bxc5 Re2 
41.Rd1 Rc6 42.Bxa7 Ra6 43.Bd4 Raxa2 44.Kg1 Ne6 45.Bb6 Ra6 46.Rxd3 Re1+ 47.
Kh2 Rxb6 48.Rc2 Rb1 49.h4 Kg6 50.Rcc3 Rb2 51.Kg3 Kf6 52.Re3 g5 53.hxg5+ 
hxg5 54.Rc8 Nf4 55.Rf8+ Kg7 0-1

[Event "Legends of Chess Prelim"]
[Site "chess24.com INT"]
[Date "2020.07.21"]
[Round "1.1"]
[White "Anand, V"]
[Black "Svidler, P"]
[Result "1/2-1/2"]
[WhiteElo "2753"]
[BlackElo "2723"]
[EventDate "2020.07.21"]
[WhiteTitle "GM"]
[BlackTitle "GM"]
[WhiteFideId "5000017"]
[BlackFideId "4102142"]

1.d4 Nf6 2.c4 g6 3.Nc3 d5 4.Bg5 Bg7 5.Bxf6 Bxf6 6.cxd5 c6 7.e4 Bg7 8.Qd2 
cxd5 9.exd5 O-O 10.Bc4 a6 11.a4 e6 12.dxe6 Bxe6 13.Bxe6 fxe6 14.Nge2 Nc6 
15.Rd1 Qb6 16.O-O Rad8 17.Qc2 Nxd4 18.Nxd4 Bxd4 19.Rd2 Qc6 20.Ne4 Qxc2 21.
Rxc2 Bb6 22.Rc4 Rd4 23.Rxd4 Bxd4 24.b3 Rc8 25.Rd1 e5 26.Kf1 Rc2 27.Rd2 
Rc1+ 28.Ke2 Rb1 29.Rc2 Rxb3 30.Rc7 h5 31.Rd7 Kf8 32.f3 b5 33.Nf6 bxa4 34.
Nh7+ Ke8 35.Nf6+ Kf8 36.Nh7+ Ke8 37.Nf6+ Kf8 1/2-1/2

[Event "Legends of Chess Prelim"]
[Site "chess24.com INT"]
[Date "2020.07.21"]
[Round "1.3"]
[White "Giri, A"]
[Black "Carlsen, M"]
[Result "1/2-1/2"]
[WhiteElo "2764"]
[BlackElo "2863"]
[EventDate "2020.07.21"]
[WhiteTitle "GM"]
[BlackTitle "GM"]
[WhiteFideId "24116068"]
[BlackFideId "1503014"]

1.d4 Nf6 2.c4 e6 3.Nf3 d5 4.Nc3 a6 5.cxd5 exd5 6.Bg5 Be6 7.e3 Nbd7 8.h3 
Bd6 9.Bd3 c6 10.Bf4 Qc7 11.Bxd6 Qxd6 12.O-O O-O 13.Qb3 Rfb8 14.a4 a5 15.
Rfc1 g6 16.Nd2 Ne8 17.Ne2 Qe7 18.Nf4 Nd6 19.Qa3 Bf5 20.Rab1 Bxd3 21.Nxd3 
Nf6 22.Ne5 Re8 23.Rc2 Nfe4 24.Nxe4 Nxe4 25.Qxe7 Rxe7 26.Nd3 Nd6 27.h4 Kg7 
28.g3 Nc4 29.Re1 h5 30.b3 Nd6 31.Rb1 Kf6 32.Nc5 Kg7 33.Rc3 Ne4 34.Nxe4 
Rxe4 35.b4 axb4 36.Rxb4 Re7 37.Rcb3 Ra7 38.a5 Rxa5 39.Rxb7 Rxb7 40.Rxb7 c5
41.dxc5 Rxc5 42.Kg2 Kf6 43.Rd7 Ke6 44.Rd8 Rc2 45.Kf3 Ra2 46.Re8+ Kf6 47.
Rb8 Ke6 48.Rb6+ Ke7 49.Rb4 Ke6 50.Rb6+ Ke7 51.Rb4 Ke6 52.Rb6+ 1/2-1/2

[Event "Legends of Chess Prelim"]
[Site "chess24.com INT"]
[Date "2020.07.22"]
[Round "2.1"]
[White "Ivanchuk, V"]
[Black "Gelfand, B"]
[Result "1/2-1/2"]
[WhiteElo "2678"]
[BlackElo "2676"]
[EventDate "2020.07.21"]
[WhiteTitle "GM"]
[BlackTitle "GM"]
[WhiteFideId "14100010"]
[BlackFideId "2805677"]

1.d4 Nf6 2.c4 e6 3.Nf3 d5 4.Nc3 c6 5.Qd3 dxc4 6.Qxc4 b5 7.Qd3 a6 8.a4 Bb7 
9.Bg5 Nbd7 10.e3 c5 11.axb5 axb5 12.Rxa8 Qxa8 13.Qxb5 cxd4 14.Nxd4 Be7 15.
f3 O-O 16.Qa4 h6 17.Bh4 Nc5 18.Qxa8 Rxa8 19.Be2 g5 20.Bf2 Ra1+ 21.Nd1 Nd5 
22.O-O Rb1 23.Bc4 Bf6 24.Ba2 Rc1 25.Ne2 Rc2 26.Nd4 Rc1 27.Nb3 Nxb3 28.Bxb3
Ba6 29.Re1 Nb4 30.Nc3 Rxe1+ 31.Bxe1 Nd3 32.Bd2 Nxb2 33.Ne4 Bg7 34.Bc3 Bxc3
35.Nxc3 Nd3 36.Bc2 Ne5 37.Kf2 Bd3 38.Bxd3 Nxd3+ 39.Ke2 Ne5 40.Ne4 Kg7 41.
f4 gxf4 42.exf4 Ng6 1/2-1/2

[Event "Legends of Chess Prelim"]
[Site "chess24.com INT"]
[Date "2020.07.22"]
[Round "2.2"]
[White "Anand, V"]
[Black "Carlsen, M"]
[Result "1/2-1/2"]
[WhiteElo "2753"]
[BlackElo "2863"]
[EventDate "2020.07.21"]
[WhiteTitle "GM"]
[BlackTitle "GM"]
[WhiteFideId "5000017"]
[BlackFideId "1503014"]

1.e4 e5 2.Nf3 Nc6 3.Bb5 Bc5 4.c3 Nge7 5.d4 exd4 6.cxd4 Bb4+ 7.Bd2 Bxd2+ 8.
Qxd2 d5 9.exd5 Nxd5 10.Bxc6+ bxc6 11.O-O O-O 12.Nc3 Nxc3 13.Qxc3 Be6 14.
Ne5 Bd5 15.Nxc6 Bxc6 16.Qxc6 Qxd4 17.b3 Qb6 18.Rac1 Rac8 19.Rfe1 Rfd8 20.
g3 g6 21.Re7 Rd1+ 22.Kg2 Rxc1 23.Qxc1 Qd6 24.Qe3 a5 25.Qe5 Qc6+ 26.Qe4 
Qxe4+ 27.Rxe4 Rd8 28.Rc4 Rd2 29.a4 Rd3 30.Rxc7 Rxb3 31.Rc5 Ra3 32.Rxa5 h5 
33.h4 Kg7 34.Ra6 Kf8 35.a5 Kg7 36.Ra8 Kf6 37.Ra6+ Kg7 38.Ra8 Kf6 39.Ra6+ 
Kg7 1/2-1/2

[Event "Legends of Chess Prelim"]
[Site "chess24.com INT"]
[Date "2020.07.29"]
[Round "9.2"]
[White "Kramnik, V"]
[Black "Carlsen, M"]
[Result "1/2-1/2"]
[WhiteElo "2753"]
[BlackElo "2863"]
[EventDate "2020.07.21"]
[WhiteTitle "GM"]
[BlackTitle "GM"]
[WhiteFideId "4101588"]
[BlackFideId "1503014"]

1.e4 c5 2.Nf3 d6 3.d4 cxd4 4.Nxd4 Nf6 5.Nc3 a6 6.Be2 e5 7.Nb3 Be7 8.Bg5 
Be6 9.Bxf6 Bxf6 10.Bg4 O-O 11.O-O Be7 12.Bxe6 fxe6 13.Qg4 Rf6 14.Rad1 Nd7 
15.Ne2 Qb6 16.Nec1 Qc6 17.Qe2 a5 18.Nd3 b5 19.Nd2 Bd8 20.c3 Bb6 21.g3 Raf8
22.Kg2 R6f7 23.a3 Nf6 24.f4 exf4 25.Nxf4 Re8 26.Nh5 Bd8 27.h4 Nxh5 28.Rxf7
Nf6 29.Rxf6 Bxf6 30.Nf3 b4 31.axb4 axb4 32.cxb4 Rb8 33.Nd4 Qb7 34.Nxe6 
Qxb4 35.Kh3 Re8 36.Qg4 Qxb2 37.Rxd6 Qa1 38.Qf3 Qe5 39.Qb3 Kh8 40.Qd5 Qa1 
41.e5 Qf1+ 42.Kh2 Qe2+ 43.Kh3 Bxe5 44.Rd8 Qf1+ 45.Kh2 Qf2+ 46.Qg2 Bxg3+ 
47.Kh3 Qxg2+ 48.Kxg2 Rxd8 49.Nxd8 Bxh4 50.Ne6 g6 51.Nf4 Kg7 52.Kh3 Be7 53.
Kg4 Bd6 54.Nd5 h5+ 55.Kg5 Ba3 56.Nc3 Bc1+ 57.Kh4 Bb2 58.Ne4 Bf6+ 59.Kh3 
Kf7 60.Ng3 h4 61.Ne4 Ke6 62.Kg4 Ke5 63.Nf2 Kd4 64.Kf3 Be5 65.Nh3 Bg3 66.
Ng5 Ke5 67.Kg4 Bf2 68.Nh7 Ke4 69.Nf8 g5 70.Ne6 Be3 71.Nxg5+ Bxg5 72.Kh3 
Kf3 73.Kh2 Bf4+ 74.Kh1 h3 75.Kg1 h2+ 76.Kh1 Kg3 1/2-1/2

[Event "Legends of Chess Prelim"]
[Site "chess24.com INT"]
[Date "2020.07.23"]
[Round "3.1"]
[White "Leko, P"]
[Black "Carlsen, M"]
[Result "1/2-1/2"]
[WhiteElo "2663"]
[BlackElo "2863"]
[EventDate "2020.07.21"]
[WhiteTitle "GM"]
[BlackTitle "GM"]
[WhiteFideId "703303"]
[BlackFideId "1503014"]

1.d4 Nf6 2.c4 g6 3.g3 Bg7 4.Bg2 O-O 5.Nc3 d6 6.Nf3 c5 7.O-O Nc6 8.d5 Na5 
9.Nd2 e6 10.Qc2 exd5 11.cxd5 Bd7 12.b3 b5 13.Bb2 Rc8 14.Nce4 Nb7 15.Nxf6+ 
Bxf6 16.a4 b4 17.Bxf6 Qxf6 18.Nc4 Qg7 19.a5 a6 20.Nb6 Rc7 21.Nxd7 Rxd7 22.
Qc4 Ra8 23.e4 Qd4 24.Qxd4 cxd4 25.Ra4 Rc7 26.Rd1 Rc3 27.Rxd4 Nc5 28.Raxb4 
Nxb3 29.Rdc4 Rxc4 30.Rxc4 Nxa5 31.Rc7 Kf8 32.f4 Nb3 33.e5 a5 34.exd6 Rd8 
35.Rc6 Nd4 36.Ra6 Nb5 37.Rxa5 Nxd6 38.Ra6 Ke7 39.Ra7+ Rd7 40.Rxd7+ Kxd7 
41.Kf2 Nc4 42.Ke2 Kd6 43.Kd3 Kc5 44.Bf3 1/2-1/2

[Event "Legends of Chess Prelim"]
[Site "chess24.com INT"]
[Date "2020.07.28"]
[Round "8.4"]
[White "Ivanchuk, V"]
[Black "Giri, A"]
[Result "1/2-1/2"]
[WhiteElo "2678"]
[BlackElo "2764"]
[EventDate "2020.07.21"]
[WhiteTitle "GM"]
[BlackTitle "GM"]
[WhiteFideId "14100010"]
[BlackFideId "24116068"]

1.Nf3 d5 2.d4 Nf6 3.c4 e6 4.Nc3 Bb4 5.e3 O-O 6.a3 Bxc3+ 7.bxc3 c5 8.Bb2 b6
9.cxd5 exd5 10.c4 cxd4 11.Nxd4 Re8 12.Rc1 Bg4 13.f3 Bd7 14.Kf2 Qe7 15.Qd2 
Na6 16.Bd3 Nc5 17.Bb1 dxc4 18.Rxc4 Rad8 19.Qe2 Nd5 20.e4 Nf4 21.Qe3 Bb5 
22.Qxf4 Bxc4 23.Nf5 Qd7 24.Bxg7 Qd2+ 25.Qxd2 Rxd2+ 26.Kg3 Re6 27.Bc3 Rg6+ 
28.Kh4 Rdxg2 29.Ne7+ Kf8 30.Nxg6+ hxg6 31.Kh3 Rg5 32.Kh4 Rg2 33.Kh3 Rg5 
34.Kh4 Rg2 1/2-1/2

[Event "Legends of Chess Prelim"]
[Site "chess24.com INT"]
[Date "2020.07.21"]
[Round "1.4"]
[White "Carlsen, M"]
[Black "Giri, A"]
[Result "1-0"]
[WhiteElo "2863"]
[BlackElo "2764"]
[EventDate "2020.07.21"]
[WhiteTitle "GM"]
[BlackTitle "GM"]
[WhiteFideId "1503014"]
[BlackFideId "24116068"]

1.d4 Nf6 2.c4 g6 3.Nf3 Bg7 4.g3 O-O 5.Bg2 d6 6.Nc3 Nbd7 7.O-O e5 8.e4 exd4
9.Nxd4 Nc5 10.h3 Re8 11.Re1 Bd7 12.Bf4 Nh5 13.Be3 c6 14.Qc2 a5 15.Rad1 Qc7
16.Qd2 a4 17.Nde2 Be6 18.Qxd6 Qxd6 19.Rxd6 Ra5 20.Rc1 Bf8 21.Rd4 Raa8 22.
g4 Nf6 23.f4 Nfd7 24.Nd1 f6 25.Nf2 Bf7 26.h4 h6 27.Ng3 g5 28.hxg5 hxg5 29.
fxg5 fxg5 30.Bxg5 Ne5 31.Be3 Red8 32.Nf5 Rxd4 33.Bxd4 Re8 34.Rc3 Ng6 35.b3
Nf4 36.Bf1 Nce6 37.Be3 a3 38.e5 Rd8 39.Ne4 Rd1 40.Nf6+ Kh8 41.Rc2 Nh3+ 42.
Kg2 Neg5 43.Rc1 Rd8 44.Kg3 1-0

[Event "Legends of Chess Prelim"]
[Site "chess24.com INT"]
[Date "2020.07.29"]
[Round "9.3"]
[White "Ivanchuk, V"]
[Black "Anand, V"]
[Result "1/2-1/2"]
[WhiteElo "2678"]
[BlackElo "2753"]
[EventDate "2020.07.21"]
[WhiteTitle "GM"]
[BlackTitle "GM"]
[WhiteFideId "14100010"]
[BlackFideId "5000017"]

1.d4 Nf6 2.c4 e6 3.Nf3 d5 4.Nc3 Bb4 5.e3 O-O 6.a3 Bxc3+ 7.bxc3 c5 8.Bb2 
Qa5 9.Nd2 cxd4 10.cxd4 Bd7 11.Bd3 dxc4 12.Bxc4 Bb5 13.Bxb5 Qxb5 14.Qb3 
Qxb3 15.Nxb3 Nbd7 16.Ke2 Rfc8 17.Rhc1 Nd5 18.a4 f5 19.a5 Kf7 20.f3 b6 21.
axb6 axb6 22.g3 Rxa1 23.Nxa1 Rxc1 24.Bxc1 e5 25.dxe5 Nxe5 26.Bb2 Nc6 27.
Nb3 g6 28.Nd2 b5 29.e4 Nb6 30.exf5 gxf5 31.g4 Nc4 32.Nxc4 bxc4 33.Ke3 Kg6 
34.h4 fxg4 35.fxg4 h5 36.gxh5+ Kxh5 37.Bf6 Nb4 38.Kd4 c3 39.Kxc3 Nd5+ 40.
Kb2 Nxf6 41.Ka1 Kxh4 1/2-1/2

[Event "Legends of Chess Prelim"]
[Site "chess24.com INT"]
[Date "2020.07.22"]
[Round "2.1"]
[White "Carlsen, M"]
[Black "Anand, V"]
[Result "1/2-1/2"]
[WhiteElo "2863"]
[BlackElo "2753"]
[EventDate "2020.07.21"]
[WhiteTitle "GM"]
[BlackTitle "GM"]
[WhiteFideId "1503014"]
[BlackFideId "5000017"]

1.d4 Nf6 2.c4 e6 3.Nc3 Bb4 4.a3 Bxc3+ 5.bxc3 c5 6.e3 Nc6 7.Bd3 e5 8.Ne2 
O-O 9.O-O d6 10.Ng3 Re8 11.d5 e4 12.Nxe4 Nxe4 13.dxc6 bxc6 14.f3 Nf6 15.e4
d5 16.cxd5 cxd5 17.exd5 Qxd5 18.Bb5 Rd8 19.Bg5 Be6 20.Qxd5 Bxd5 21.Rfd1 
Bb3 22.Rxd8+ Rxd8 23.Be3 Nd5 24.Bxc5 Nxc3 25.Bf1 a5 26.Bb6 Ra8 27.Rc1 Na2 
28.Rc7 a4 29.Bd3 h6 30.Be4 Rb8 31.Ba5 g6 32.g4 Be6 33.Bc2 Nc1 34.Bxa4 Ra8 
35.Rxc1 Rxa5 36.Bc6 Rxa3 37.Kf2 g5 38.Kg3 Kg7 39.h4 Ra5 40.Be4 Kf6 41.Rc6 
Kg7 42.Rc1 Kf6 43.Rc6 Kg7 44.Rc1 1/2-1/2